| 000 | 01095nam a22003377a 4500 | ||
|---|---|---|---|
| 001 | 4571334 | ||
| 003 | OSt | ||
| 005 | 20210426082439.0 | ||
| 008 | 750325s1975 lauaf b 001 0beng | ||
| 010 | _a 74082002 | ||
| 020 | _a0807100889 | ||
| 020 | _a0807101702 | ||
| 040 |
_aDLC _cDLC _dDLC _beng |
||
| 041 | _aeng | ||
| 050 | 0 | 0 |
_aF291.T3 _bA52 |
| 080 |
_a92 _bA-54 |
||
| 082 | 0 | 0 |
_a975.8/04/0924 _aB |
| 100 | 1 |
_aAnderson, William, _d1941- |
|
| 245 | 1 | 4 |
_aThe wild man from Sugar Creek : _bthe political career of Eugene Talmadge / _c/ by: Louisiana State University Press |
| 260 |
_aBaton Rouge _bLouisiana State University Press _c[1975] |
||
| 300 |
_axviii, 268 p., [7] leaves of plates _bill. _c24 cm. |
||
| 365 | _b4.95 usd | ||
| 500 | _aIncludes index. | ||
| 504 | _aBibliography: p. 255-262. | ||
| 600 | 1 | 0 |
_aTalmadge, Eugene, _d1884-1946. |
| 650 | 0 |
_9237 _aBiography |
|
| 653 | _aბიოგრაფია | ||
| 856 | 4 | 1 |
_3Table of contents _uhttp://www.loc.gov/catdir/toc/fy054/74082002.html |
| 906 |
_a7 _bcbc _corignew _d2 _eopcn _f19 _gy-gencatlg |
||
| 942 |
_2udc _cBK |
||
| 999 |
_c1351 _d1351 |
||